000 00574nam a2200169 4500
001 139080
003 ES-MaACL
005 20230906195710.0
007 t|
008 070214s1946 sp r ||||1| spa d
100 1 _aSanz Cuadrado, María Antonia.
_9103622
245 1 0 _aFlor de santidad y Aromas de leyenda
_b: estudio comparativo /
_cMaría Antonia Sanz Cuadrado.
260 _aMadrid :
_b[s. n.],
_c1946.
300 _a18 h. ;
_c23 cm.
500 _aEs tirada aparte de: `Cuadernos de Literatura Contemporánea`, p. 503-538.
852 _aES-MaACL
_j1860-F-11
_bR.23110
999 _c139080
_d139080